LEADER 02166nam 2200529 a 450 001 9910480196703321 005 20170810175614.0 010 $a1-281-99134-1 010 $a9786611991340 010 $a90-485-0762-6 035 $a(CKB)1000000000578958 035 $a(EBL)419757 035 $a(OCoLC)476250269 035 $a(SSID)ssj0000294024 035 $a(PQKBManifestationID)12098277 035 $a(PQKBTitleCode)TC0000294024 035 $a(PQKBWorkID)10302509 035 $a(PQKB)10307175 035 $a(MiAaPQ)EBC3327133 035 $a(EXLCZ)991000000000578958 100 $a20091013d2007 uy 0 101 0 $adut 135 $aur|n|---||||| 181 $ctxt 182 $cc 183 $acr 200 10$aDigitalisering en dynamiek$b[electronic resource] $eOver de consequenties van de digitale revolutie voor de media-industrie, in het bijzonder de uitgeverij /$fPaul Rutten 210 $aAmsterdam $cLeiden University Press$dc2007 215 $a1 online resource (31 p.) 225 0 $aLUP oraties 300 $aDescription based upon print version of record. 311 $a90-8728-015-7 320 $aIncludes bibliographical references. 330 $aInformatie en communicatietechnologie zorgen steevast voor diepgaande maatschappelijke en culturele ontwikkelingen. Dat was het geval bij de introductie van de boekdrukkunst; dat geldt ook voor de opkomst van digitale technologie. In deze oratie worden de ontwikkelingen in informatie- en communicatietechnologie in de bredere discussie over de wijze waarop technologie en samenleving zich tot elkaar verhouden geplaatst. Ondanks de oorsprong van technologische ontwikkeling in maatschappij en menselijk handelen gaat van technologie een vormende kracht op de samenleving die door diezelfde samenlevi 410 0$aLUP Oraties 606 $aDigital media 608 $aElectronic books. 615 0$aDigital media. 676 $a025.179 700 $aRutten$b Paul$0865013 801 0$bMiAaPQ 801 1$bMiAaPQ 801 2$bMiAaPQ 906 $aBOOK 912 $a9910480196703321 996 $aDigitalisering en dynamiek$91930692 997 $aUNINA LEADER 01718nas 2200601-a 450 001 996202516003316 005 20240202213016.0 011 $a1949-1026 035 $a(OCoLC)401343446 035 $a(CKB)1000000000752455 035 $a(CONSER)--2009203202 035 $a(EXLCZ)991000000000752455 100 $a20090616b20102011 --- a 101 0 $aeng 135 $aur||||||||||| 181 $ctxt$2rdacontent 182 $cc$2rdamedia 183 $acr$2rdacarrier 200 10$aBioengineered bugs 210 $aAustin, Tex. $cLandes Bioscience$d2010-2011 300 $aRefereed/Peer-reviewed 311 $a1949-1018 517 1 $aBioeng bugs 531 $aBIOENG BUGS 606 $aBiomedical engineering$vPeriodicals 606 $aBiotechnology$vPeriodicals 606 $aMicrobiology$vPeriodicals 606 $aBioengineering 606 $aGenetic Engineering 606 $aDNA, Recombinant 606 $aBiomedical engineering$2fast$3(OCoLC)fst00832568 606 $aBiotechnology$2fast$3(OCoLC)fst00832729 606 $aMicrobiology$2fast$3(OCoLC)fst01019576 608 $aPeriodical 608 $aPeriodicals.$2fast 608 $aPeriodicals.$2lcgft 610 $aBioengineering 615 0$aBiomedical engineering 615 0$aBiotechnology 615 0$aMicrobiology 615 12$aBioengineering 615 22$aGenetic Engineering 615 22$aDNA, Recombinant 615 7$aBiomedical engineering. 615 7$aBiotechnology. 615 7$aMicrobiology. 676 $a610 712 02$aLandes Bioscience. 712 02$aTaylor & Francis, 906 $aJOURNAL 912 $a996202516003316 996 $aBioengineered bugs$92275783 997 $aUNISA